Lenguas extranjeras : secundaria.

Na minha lista:
Detalhes bibliográficos
Autor principal: Osorio González, Beatriz Virginia (autor)
Autor Corporativo: México. Presidencia de la República Secretaría de Educación Pública. Dirección General de Materiales y Métodos Educativos. Dirección de Lengua y Comunicación
Formato: Livro
Idioma:espanhol
Assuntos:
Tags: Adicionar Tag
Sem tags, seja o primeiro a adicionar uma tag!

MARC

LEADER 00000cam^a2200000uu^4500
001 000492195
005 20250521000000.0
008 050901s2001^^^^^^^^^^^^rd^r^^000^0^spa^d
009 20260310125434.137
022 |a 9701866274 
035 |a FCE 000035471 
035 |a FCE 035513 
037 |a Acervo ITESO - Biblioteca 
041 |a spa 
082 0 4 |a 373.19  |b TGA-02 12 
100 |a Osorio González, Beatriz Virginia  |e (autor) 
245 1 0 |a Lenguas extranjeras :  |b secundaria. 
264 |a México :  |b SEP, PRONAP,  |c 2001. 
300 |a 90 p. 
336 |a texto  |b txt  |2 rdacontenido 
337 |a sin mediación  |b n  |2 rdamedio 
338 |a volumen  |b nc  |2 rdasoporte 
596 |a La obra corresponde al programa Talleres Generales de Actualización 2001-2002 
649 |a XX 
650 |a Didáctica 
650 |a Guía del docente 
650 |a Taller 
650 |a Lengua extranjera 
650 |a Educación secundaria 
710 |a México. Presidencia de la República  |b Secretaría de Educación Pública. Dirección General de Materiales y Métodos Educativos. Dirección de Lengua y Comunicación 
910 |a Fondo Centro de Estudios Educativos 
920 |a Impresos - Libros 
930 |a Fondos Especiales 
905 |a 133 
901 |a ALE035513  |b IT2  |c CEE  |u 20250521 
902 |a https://opac.biblio.iteso.mx/vufind/Record/000492195